[Event "Gashimov Memorial"]
[Site "Shamkir AZE"]
[Date "2016.05.30"]
[EventDate "2016.05.26"]
[Round "5"]
[Result "0-1"]
[White "Eltaj Safarli"]
[Black "Anish Giri"]
[WhiteElo "2664"]
[BlackElo "2790"]
[PlyCount "86"]

1. e4 c5 2. Nf3 d6 3. Bb5+ Nd7 4. c4 Ngf6 5. Nc3 g6 6. O-O Bg7
7. Ba4 O-O 8. h3 Nb6 9. Bb3 e5 10. d3 Ne8 11. Bg5 f6 12. Be3
f5 13. Bg5 Bf6 14. Bh6 Bg7 15. Bg5 Qd7 16. exf5 gxf5 17. a4 a5
18. Nb5 Kh8 19. Re1 Bf6 20. Bxf6+ Nxf6 21. d4 e4 22. dxc5 dxc5
23. Qxd7 Nbxd7 24. Nd2 Ne5 25. Bc2 Bd7 26. f3 Rad8 27. Rad1
Rg8 28. Kh2 Be8 29. Nc7 Bh5 30. Ne6 Rde8 31. Nc7 Re7 32. Nd5
Nxd5 33. cxd5 exf3 34. d6 Reg7 35. g4 Nxg4+ 36. hxg4 Rxg4
37. Nxf3 Rg2+ 38. Kh3 Bxf3 39. Bb3 R8g3+ 40. Kh4 Rg4+ 41. Kh3
Bxd1 42. d7 R4g3+ 43. Kh4 Rd3 0-1